The soft drinks companion : A teachnical handbook for the beverage industry
Wedi'i Gadw mewn:
| Prif Awdur: | |
|---|---|
| Fformat: | Llyfr |
| Iaith: | Undetermined |
| Cyhoeddwyd: |
Boca Raton
CRC Press
2005
|
| Pynciau: | |
| Tagiau: |
Ychwanegu Tag
Dim Tagiau, Byddwch y cyntaf i dagio'r cofnod hwn!
|
| Thư viện lưu trữ: | Trung tâm Học liệu Trường Đại học Cần Thơ |
|---|
| LEADER | 00561nam a2200205Ia 4500 | ||
|---|---|---|---|
| 001 | CTU_100051 | ||
| 008 | 210402s9999 xx 000 0 und d | ||
| 020 | |c 2249000 | ||
| 082 | |a 663.62 | ||
| 082 | |b S524 | ||
| 100 | |a Shachman, Maurice | ||
| 245 | 4 | |a The soft drinks companion : | |
| 245 | 2 | |b A teachnical handbook for the beverage industry | |
| 245 | 0 | |c Maurice Shachman | |
| 260 | |a Boca Raton | ||
| 260 | |b CRC Press | ||
| 260 | |c 2005 | ||
| 650 | |a Carbonated beverages | ||
| 904 | |i Giang | ||
| 980 | |a Trung tâm Học liệu Trường Đại học Cần Thơ | ||